Medzinárodný obchod a trvalo udržateľný rozvoj: Príležitosti a riziká v rozvojových a najmenej rozvinutých krajinách bakalárska práca

Guardado en:
Detalles Bibliográficos
Autor principal: Vališ, Patrik
Autor Corporativo: Obchodná fakulta EU. Katedra medzinárodného obchodu
Otros Autores: Juhás, Henrich, 1995-
Formato: Libro
Lenguaje:eslovaco
Publicado: Bratislava 2025
Etiquetas: Agregar Etiqueta
Sin Etiquetas, Sea el primero en etiquetar este registro!

MARC

LEADER 00000nbm a2200000 4500
001 0311021
005 20251106113100.0
041 0 |a slo 
044 |a SK 
245 1 0 |a Medzinárodný obchod a trvalo udržateľný rozvoj: Príležitosti a riziká v rozvojových a najmenej rozvinutých krajinách  |b bakalárska práca  |c Patrik Vališ ; školiteľ: Henrich Juhás 
264 1 |a Bratislava  |c 2025 
300 |a 42 s. 
100 1 |a Vališ, Patrik 
700 1 |a Juhás, Henrich, 1995- 
710 2 |a Obchodná fakulta EU. Katedra medzinárodného obchodu